Tisseo Linéo 4 ( Toulouse ) - Statistiques

Statistiques générales
  • Ce quiz a été pris 18 fois
  • Le résultat moyen est 17 sur 24
Statistiques - réponses
Commune Correspondances Arrets % Correct
Toulouse T1, L5, 34, 152 Croix de Pierre
100%
Toulouse B, L5, 44, 54, 152 Empalot
100%
Toulouse L5, 34, 152 Stadium Ouest
100%
Toulouse A, L11, L14, 18, 21, 25, 46, 48, 49, 50, 53, 58, 85, 87, 117 Basso Cambo
92%
Toulouse L5, 34, 152 Stadium Est
92%
Toulouse 44 Empalot Sud
85%
Toulouse Cheverry
77%
Toulouse Cité des Combattants
77%
Toulouse 44 Daste
77%
Toulouse 44 Passerelle A.Conti
77%
Toulouse Rimont
77%
Toulouse L5, 152 Roc
77%
Toulouse Place des Glières
69%
Toulouse Bernadette
62%
Toulouse 13 Bordelongue
62%
Toulouse 44 Mouettes
62%
Toulouse L5, 152 Barrière de Muret
54%
Toulouse Camus
54%
Toulouse 25, 49, 50, 58, 85, 117 Eisenhower Est
54%
Toulouse Touraine
54%
Toulouse Orbesson
38%
Toulouse Pergaud
38%
Toulouse L14, 25, 49, 50, 58, 85, 87 Place Bouillère
38%
Toulouse 25, 49, 50, 58, 85 René Valmy
38%
Aucun quiz correspondant
Distribution des résultats
% des personnes avec chaque résultat
Percentile par nombre de réponses
Votre historique - résultats
Vous n’avez pas pris ce quiz